| 000 | 00594nam a2200205 u 4500 | ||
|---|---|---|---|
| 005 | 20240912063835.0 | ||
| 008 | 101014s2007 ag r 000 0 spa d | ||
| 020 | _a9789507532177 | ||
| 035 | _aUPN01000178204 | ||
| 049 | _aI | ||
| 050 | 4 |
_aPZ75 _bG3.2 |
|
| 100 | 1 | _aGalli, Cristina | |
| 245 | 1 | 0 |
_aArturosaurus / _cCristina Galli ; il. de Pablo Tambuscio. |
| 260 |
_aBuenos Aires : _bCántaro, _c2007. |
||
| 300 |
_a68 p. : _bil. col. |
||
| 440 | 0 | _aHora de lectura | |
| 650 | 4 |
_aCuentos infantiles argentinos _97466 |
|
| 650 | 4 |
_aLiteratura infantil argentina _97511 |
|
| 905 | _aInfantil | ||
| 999 |
_c150307 _d150307 |
||